000 00519nam a2200193Ia 4500
008 131103s9999 xx 000 0 und d
020 _a8174390154
_cRs.65
040 _aLoreto College
041 _aEnglish
082 _aREF/YEN
_bLCBED/12353
100 _aYenne, Bill
245 _a100 men
_b who shaped world history
_cBill Yenne
260 _aNew delhi
_bGemini books
_c1997
300 _a112p.
_b ill., pic.
_c 22cm.
504 _aIncludes index
650 _aHistory
850 _aLCBED/REF/YEN
942 _cBK
999 _c33802
_d84281